000
00316nam a22001457a 4500
008
221020b ||||| |||| 00| 0 eng d
020
_a
9780913580769
041
_a
eng
080
_a
610.73
082
_a
610.73 SHR
100
_a
9
101
_a
INF
245
_a
SINGS OF THE TIMES
_c
SHROYER E
942
_2
udc
_c
BK
999
_c
58629
_d
58629